Особенности условий формирования газотермических покрытий в пятне напыления; Современное материаловедение: материалы и технологии новых поколений

Détails bibliographiques
Parent link:Современное материаловедение: материалы и технологии новых поколений.— 2014.— [С. 150-155]
Auteur principal: Сабанцева О. В.
Collectivité auteur: Национальный исследовательский Томский политехнический университет (ТПУ) Институт физики высоких технологий (ИФВТ) Кафедра материаловедения в машиностроении (ММС)
Autres auteurs: Зенин Б. С. Борис Сергеевич
Résumé:Заглавие с титульного экрана
Langue:russe
Publié: 2014
Collection:Поверхностное упрочнение и защитные покрытия
Sujets:
Accès en ligne:http://www.lib.tpu.ru/fulltext/c/2014/C39/035.pdf
Format: Électronique Chapitre de livre
KOHA link:https://koha.lib.tpu.ru/cgi-bin/koha/opac-detail.pl?biblionumber=607390

MARC

LEADER 00000naa2a2200000 4500
001 607390
005 20231101132442.0
035 |a (RuTPU)RU\TPU\conf\4771 
035 |a RU\TPU\conf\4770 
090 |a 607390 
100 |a 20140714d2014 k y0rusy50 ca 
101 0 |a rus 
102 |a RU 
105 |a y z 101zy 
135 |a drcn ---uucaa 
181 0 |a i  
182 0 |a b 
200 1 |a Особенности условий формирования газотермических покрытий в пятне напыления  |f О. В. Сабанцева, Б. С. Зенин 
203 |a Текст  |c электронный 
225 1 |a Поверхностное упрочнение и защитные покрытия 
230 |a 1 компьютерный файл (pdf; 821 Кb) 
300 |a Заглавие с титульного экрана 
320 |a [Библиогр.: с. 155 (5 назв.)] 
337 |a Adobe Reader 
463 0 |0 (RuTPU)RU\TPU\conf\4216  |t Современное материаловедение: материалы и технологии новых поколений  |o сборник трудов Всероссийской школы-семинара с международным участием, г. Томск, 9-11 июня 2014г.  |f Национальный исследовательский Томский политехнический университет (ТПУ)  |v [С. 150-155]  |d 2014 
610 1 |a труды учёных ТПУ 
610 1 |a электронный ресурс 
610 1 |a газотермические покрытия 
610 1 |a напыление 
610 1 |a газотермические покрытия 
610 1 |a компьютерные программы 
610 1 |a газовые струи 
700 1 |a Сабанцева  |b О. В. 
701 1 |a Зенин  |b Б. С.  |c специалист в области материаловедения  |c доцент Томского политехнического университета, кандидат физико-математических наук  |f 1942-  |g Борис Сергеевич  |2 stltpush  |3 (RuTPU)RU\TPU\pers\29010 
712 0 2 |a Национальный исследовательский Томский политехнический университет (ТПУ)  |b Институт физики высоких технологий (ИФВТ)  |b Кафедра материаловедения в машиностроении (ММС)  |h 74  |2 stltpush  |3 (RuTPU)RU\TPU\col\18688 
801 2 |a RU  |b 63413507  |c 20140714  |g RCR 
856 4 |u http://www.lib.tpu.ru/fulltext/c/2014/C39/035.pdf 
942 |c BK